Central Library OPAC University of Rajshahi

The University of Sind calender 1950-51 / (Record no. 52183)

MARC details
000 -LEADER
fixed length control field 00629cam a2200229 i 4500
001 - CONTROL NUMBER
control field 52183
003 - CONTROL NUMBER IDENTIFIER
rucl marc code BD-RjUL
005 - DATE AND TIME OF LATEST TRANSACTION
control field 20211209075750.0
008 - FIXED-LENGTH DATA ELEMENTS--GENERAL INFORMATION
fixed length control field 160906s1950 pk 000 0 eng
020 ## - INTERNATIONAL STANDARD BOOK NUMBER
Terms of availability Rs5.00
035 ## - SYSTEM CONTROL NUMBER
System control number (BD-RjUL) 52303
040 ## - CATALOGING SOURCE
Original cataloging agency DLC
Transcribing agency DLC
Modifying agency DLC
Language of cataloging eng
041 ## - LANGUAGE CODE
Language code of text/sound track or separate title eng
082 00 - DEWEY DECIMAL CLASSIFICATION NUMBER
Classification number 344.549182074
Author mark and year UNI 1950
110 1# - MAIN ENTRY--CORPORATE NAME
Corporate name or jurisdiction name as entry element Sind, Pakistan.
9 (RLIN) 156095
245 14 - TITLE STATEMENT
Title The University of Sind calender 1950-51 /
260 ## - PUBLICATION, DISTRIBUTION, ETC. (IMPRINT)
Place of publication, distribution, etc. Hyderabad, Pakistan :
Name of publisher, distributor, etc. University of Sind,
Date of publication, distribution, etc. 1950
300 ## - PHYSICAL DESCRIPTION
Pagination 891 p. ;
Size 21 cm.
610 20 - SUBJECT ADDED ENTRY--CORPORATE NAME
Corporate name or jurisdiction name as entry element University of Sind.
942 ## - ADDED ENTRY ELEMENTS (KOHA)
Source of classification or shelving scheme Dewey Decimal Classification
Koha item type Books
Holdings
Lost status Source of classification or shelving scheme Damaged status Not for loan Collection code Permanent Location Current Location Shelving location Date acquired Source of acquisition Total Checkouts Full call number Date last seen Copy number Koha item type
  Dewey Decimal Classification     Non-fiction Central Library, University of Rajshahi Central Library, University of Rajshahi   04/02/1958 Zeetlinger   344.549182074 UNI 1950 06/09/2016 C-2 Books